Wywieranie wrazenia na innych o sztuce autoprezentacji
Enregistré dans:
| Auteur principal: | |
|---|---|
| Autres auteurs: | , |
| Format: | Livre |
| Langue: | polonais |
| Publié: |
Gdansk
Gdanskie Wydawnictwo Psychologiczne
1999
|
| Collection: | Seria psychologii spolecznej
|
| Sujets: | |
| Tags: |
Pas de tags, Soyez le premier à ajouter un tag!
|
MARC
| LEADER | 00000nam a2200000 4500 | ||
|---|---|---|---|
| 001 | c123605 | ||
| 005 | 20230220124237.9 | ||
| 020 | |a 83-85416-92-7 | ||
| 041 | 0 | |a pol | |
| 044 | |a PL | ||
| 245 | 1 | 0 | |a Wywieranie wrazenia na innych |b o sztuce autoprezentacji |c Mark Leary ; Przeklad: Anna Kacmajor, Magdalena Kacmajor |
| 264 | 1 | |a Gdansk |b Gdanskie Wydawnictwo Psychologiczne |c 1999 | |
| 300 | |a 255 s. | ||
| 490 | 1 | |a Seria psychologii spolecznej | |
| 830 | 0 | |a Seria psychologii spolecznej | |
| 610 | 2 | 0 | |a výskum |
| 610 | 2 | 0 | |a psychológia |
| 610 | 2 | 0 | |a osobnosť |
| 100 | 1 | |a Leary, Mark | |
| 700 | 1 | |a Kacmajor, Anna | |
| 700 | 1 | |a Kacmajor, Magdalena | |